01370nam a2200253 a 450000100100000000500170001000800410002704000250006808200200009310000340011324500510014726000450019830000270024359000260027065000280029665000310032491000380035595201330039395201330052695201330065995201850079295201240097799900150110100001015320240412074215.0091005s1973 dr a r 000 p spa d aDO-SdBNPbspacBNPHU aRD861.44bD542m1 aDíaz Stera, Maria de92514910aMi Pucha cibaeña /cMaría Díaz de Stera. aSanto Domingo :bAmigo del Hogar,c1973. a81 p. :bil. ;c21 cm. aInventariado, 2018/BT 0aPoesía dominicana966 0aLiteratura dominicana.967 aValidado. Control de calidad. MFF 001054708DSaGRbGRcHDd2009-10-05iLF1l0oRD861.44 D542mp10153-30r2020-06-25te. 3w2020-06-25yLFDSZPréstamo en sala 001054708DSaGRbGRcHDd2011-08-17iLF1l0oRD861.44 D542mp10153-40r2020-06-25te. 4w2020-06-25yLFDSZPréstamo en sala 001054708DSaGRbGRcHDd2013-10-17iLF1l0oRD861.44 D542mp10153-50r2020-06-25te. 5w2020-06-25yLFDSZPréstamo en sala 0010718PDaPDbPDcHDd2009-10-05iLF1l0oRD861.44 D542mp10153-10r2020-06-25w2020-06-25yLFPDzPerteneció a la biblioteca personal de Carlos Larrabazal BlancoZNo se presta 0010718PDaPDbPDcHDd2009-10-05iLF1l0oRD861.44 D542mp10153-20r2020-06-25te. 2w2020-06-25yLFPDZNo se presta c9912d9912